000 00451nam a22001817a 4500
003 OSt
005 20170105103442.0
008 120425t xxu||||| |||| 00| 0 eng d
020 _a9788131221631
040 _cASAB
050 _a616.01,PAR
100 _aSubhash Chandra Parija
_9170
245 _aTextbook of Microbiology & Immunology
260 _aIndia
_bElsevier
300 _a684
650 _2Microbiology and Immunology
_9171
942 _2lcc
_cBK
999 _c16485
_d16485